Auditaría de seguridad informática / (Registro nro. 6638)
[ vista simple ]
| 000 -LEADER | |
|---|---|
| fixed length control field | 01304cam a2200325 a 4500 |
| 003 - CONTROL NUMBER IDENTIFIER | |
| control field | OSt |
| 005 - DATE AND TIME OF LATEST TRANSACTION | |
| control field | 20200304165158.0 |
| 008 - FIXED-LENGTH DATA ELEMENTS--GENERAL INFORMATION | |
| fixed length control field | 140812s2013 ck a gr 001 0 spa d |
| 015 ## - NATIONAL BIBLIOGRAPHY NUMBER | |
| National bibliography number | NSN |
| 020 ## - INTERNATIONAL STANDARD BOOK NUMBER | |
| International Standard Book Number | 9789587620856 |
| 040 ## - CATALOGING SOURCE | |
| Original cataloging agency | CO-BoBLA |
| Language of cataloging | spa |
| Transcribing agency | CO-JMCR |
| Modifying agency | CO-BoPUJ |
| 041 ## - LANGUAGE CODE | |
| Language code of text/sound track or separate title | spa |
| 082 04 - DEWEY DECIMAL CLASSIFICATION NUMBER | |
| Classification number | 005.8 / |
| Item number | G652a |
| Edition number | 23 |
| 100 1# - MAIN ENTRY--PERSONAL NAME | |
| Personal name | Gómez Vieites, Álvaro, |
| Relator term | autor |
| 9 (RLIN) | 1181 |
| 245 10 - TITLE STATEMENT | |
| Title | Auditaría de seguridad informática / |
| Statement of responsibility, etc. | Álvaro Gómez Vieites |
| 250 ## - EDITION STATEMENT | |
| Edition statement | Primera edición |
| 260 ## - PUBLICATION, DISTRIBUTION, ETC. | |
| Place of publication, distribution, etc. | Bogotá : |
| Name of publisher, distributor, etc. | Ediciones de la U, |
| Date of publication, distribution, etc. | 2013 |
| 300 ## - PHYSICAL DESCRIPTION | |
| Extent | 147 páginas : |
| Other physical details | ilustraciones y fotografías a blanco y negro ; |
| Dimensions | 24 cm. |
| 490 #0 - SERIES STATEMENT | |
| Series statement | Informática |
| 500 ## - GENERAL NOTE | |
| General note | Incluye datos biográficos del autor en página 9. |
| 504 ## - BIBLIOGRAPHY, ETC. NOTE | |
| Bibliography, etc. note | Bibliografía: páginas 141-142. |
| 520 ## - SUMMARY, ETC. | |
| Summary, etc. | Vulnerabilidad de los sistemas informáticos -- Análisis de vulnerabilidades -- Virus informático y otros códigos -- Delitos informáticos -- El marco legal de la protección de datos personales -- Contra fuego de red |
| 546 ## - LANGUAGE NOTE | |
| Language note | spa |
| 650 14 - SUBJECT ADDED ENTRY--TOPICAL TERM | |
| Topical term or geographic name entry element | Seguridad en computadores |
| General subdivision | Auditoría |
| 9 (RLIN) | 1182 |
| 650 24 - SUBJECT ADDED ENTRY--TOPICAL TERM | |
| Topical term or geographic name entry element | Virus informáticos |
| 9 (RLIN) | 1183 |
| 650 24 - SUBJECT ADDED ENTRY--TOPICAL TERM | |
| Topical term or geographic name entry element | Informática |
| General subdivision | Medidas de seguridad |
| -- | Auditoría |
| 9 (RLIN) | 1184 |
| 650 24 - SUBJECT ADDED ENTRY--TOPICAL TERM | |
| Topical term or geographic name entry element | Delitos por computador |
| 9 (RLIN) | 1185 |
| 650 24 - SUBJECT ADDED ENTRY--TOPICAL TERM | |
| Topical term or geographic name entry element | Protección de datos |
| 9 (RLIN) | 1186 |
| 942 ## - ADDED ENTRY ELEMENTS (KOHA) | |
| Source of classification or shelving scheme | Dewey Decimal Classification |
| Koha item type | Books |
| Withdrawn status | Lost status | Source of classification or shelving scheme | Damaged status | Not for loan | Home library | Current library | Shelving location | Date acquired | Source of acquisition | Cost, normal purchase price | Total Checkouts | Full call number | Barcode | Date last seen | Date last checked out | Copy number | Price effective from | Koha item type |
|---|---|---|---|---|---|---|---|---|---|---|---|---|---|---|---|---|---|---|
| Dewey Decimal Classification | Biblioteca Pública José María del Castillo y Rada | Biblioteca Pública José María del Castillo y Rada | Processing Center | 12/19/2019 | Donación | 0.00 | 1 | 005.8 / G652a | 430000988 | 11/06/2025 | 11/06/2025 | Ej.1 | 03/04/2020 | Books |